Catálogo
 En Linea

Servicio nacional de protección ambiental (policía ambiental): (Registro nro. 52267)

Detalles MARC
000 -CABECERA
campo de control de longitud fija 01666nam a2200265 a 4500
003 - IDENTIFICADOR DEL NÚMERO DE CONTROL
campo de control DO-SdBNP
005 - FECHA Y HORA DE LA ÚLTIMA TRANSACCIÓN
campo de control 20220804103826.0
007 - CAMPO FIJO DE DESCRIPCIÓN FÍSICA--INFORMACIÓN GENERAL
campo de control de longitud fija ta
008 - DATOS DE LONGITUD FIJA--INFORMACIÓN GENERAL
campo de control de longitud fija 220804b200? dr aob|gr|||| 001 0 spa d
040 ## - FUENTE DE LA CATALOGACIÓN
Centro catalogador/agencia de origen DO-SdBNP
Lengua de catalogación spa
Centro/agencia transcriptor BNPHU
082 #4 - NÚMERO DE LA CLASIFICACIÓN DECIMAL DEWEY
Número de edición 22
Número de documento/Ítem R426s
110 1# - ENTRADA PRINCIPAL--NOMBRE DE ENTIDAD CORPORATIVA
Nombre de entidad corporativa o nombre de jurisdicción como elemento de entrada República Dominicana
Unidad subordinada Servicio Nacional de Protección Ambiental
9 (RLIN) 82157
245 00 - MENCIÓN DE TÍTULO
Título Servicio nacional de protección ambiental (policía ambiental):
Resto del título sistema de gestión institucional.
260 ## - PUBLICACIÓN, DISTRIBUCIÓN, ETC.
Lugar de publicación, distribución, etc. Santo Domingo :
Nombre del editor, distribuidor, etc. Guardianes de la Naturaleza,
Fecha de publicación, distribución, etc. [200?]
300 ## - DESCRIPCIÓN FÍSICA
Extensión 94 p. :
Otras características físicas il., fotogr., mapas ;
Dimensiones 20 cm.
505 0# - NOTA DE CONTENIDO CON FORMATO
Nota de contenido con formato Introducción.
Título Capítulo I: Origen y Función de la Policía Ambiental.--
-- Capítulo II: Estructura Orgnizacinal de la Policía Ambiental.--
-- Capítulo III: Gerencia Institucional.--
-- Capítulo IV: Los Delitos Ambientales.--
-- Capítulo V: Disposiciones de acuerdos internacionales.--
-- Capítulo V: Programas de Articulación.--
-- Capítulo VII: Proyectos Transversales.--
-- Capítulo VIII: Escuela Nacional de Protección Ambiental.--
-- Capítulo IX: Niveles de Coordinación Requeridos.--
-- Capítulo X: Estructura y Equipos Proyectados.
590 ## - NOTA LOCAL (RLIN)
Nota local Inventariado 2022 / MF
650 #4 - PUNTO DE ACCESO ADICIONAL DE MATERIA--TÉRMINO DE MATERIA
9 (RLIN) 19651
Término de materia o nombre geográfico como elemento de entrada Sistema de Gestión Institucional
Subdivisión geográfica República Dominicana
650 #4 - PUNTO DE ACCESO ADICIONAL DE MATERIA--TÉRMINO DE MATERIA
9 (RLIN) 4185
Término de materia o nombre geográfico como elemento de entrada Protección del Medio Ambiente
Subdivisión geográfica República Dominicana
650 #4 - PUNTO DE ACCESO ADICIONAL DE MATERIA--TÉRMINO DE MATERIA
9 (RLIN) 10770
Término de materia o nombre geográfico como elemento de entrada Política Ambiental
Subdivisión general República Dominicana
651 #4 - PUNTO DE ACCESO ADICIONAL DE MATERIA--NOMBRE GEOGRÁFICO
9 (RLIN) 7370
Nombre geográfico Servicio Nacional de Protección Ambiental (República Dominicana)
Subdivisión general Política Ambiental
651 #4 - PUNTO DE ACCESO ADICIONAL DE MATERIA--NOMBRE GEOGRÁFICO
Nombre geográfico Servicio Nacional de Protección Ambiental (República Dominicana)
Subdivisión general Sistema de Gestión Institucional
9 (RLIN) 82158
910 ## - DATOS DE OPCIÓN DEL USUARIO (OCLC)
Datos de opción del usuario MFeliz
942 ## - ELEMENTOS DE PUNTO DE ACCESO ADICIONAL (KOHA)
Fuente del sistema de clasificación o colocación Dewey Decimal Classification
Tipo de ítem Koha Libro
Existencias
Estado de retiro Estado de pérdida Fuente del sistema de clasificación o colocación Restricciones de uso No para préstamo Código de colección Localización permanente Ubicación/localización actual Ubicación en estantería Fecha de adquisición Fuente de adquisición Total de préstamos Signatura topográfica completa Código de barras Fecha visto por última vez Precio válido a partir de Tipo de ítem Koha
    Dewey Decimal Classification Excluido de préstamo   Patrimonio Dominicano Biblioteca Nacional Pedro Henríquez Ureña Biblioteca Nacional Pedro Henríquez Ureña En catalogación 04.07.2018 Donado por CERTV   R426s 2022-3640 04.08.2022 04.08.2022 Libro

Con tecnología Koha